000 00701nam a2200181Ia 4500
008 151202s9999||||xx |||||||||||||| ||und||
082 _bPNVM-33967
100 _aकुलकर्णी वा.ल.
245 _aवामन मल्हार : वाङ्मय दर्शन.
260 _b"मुंबई मराठी संघ,प्रकाशन."
260 _c1974
300 _a198
600 _aकुलकर्णी वा.ल.
630 _aवामन मल्हार : वाङ्मय दर्शन.
700 _aकुलकर्णी वा.ल.
730 _aवामन मल्हार : वाङ्मय दर्शन.
942 _cBOOK
999 _c1299925
_d1299922